<?xml version="1.0" encoding="UTF-8"?>
<record
    xmlns:xsi="http://www.w3.org/2001/XMLSchema-instance"
    xsi:schemaLocation="http://www.loc.gov/MARC21/slim http://www.loc.gov/standards/marcxml/schema/MARC21slim.xsd"
    xmlns="http://www.loc.gov/MARC21/slim">

  <leader>01953nab a2200253 ab4500</leader>
  <controlfield tag="005">20260630143010.0</controlfield>
  <controlfield tag="008">260604b2025    sp tr poo|    0   0 spa d</controlfield>
  <controlfield tag="003"></controlfield>
  <datafield tag="040" ind1=" " ind2=" ">
    <subfield code="a">MX-MxUPN</subfield>
    <subfield code="b">spa</subfield>
    <subfield code="c">MX-MxUPN</subfield>
    <subfield code="e">aacr2</subfield>
  </datafield>
  <datafield tag="100" ind1="1" ind2=" ">
    <subfield code="a">Due&#xF1;as Rello, Erik</subfield>
    <subfield code="9">60159</subfield>
  </datafield>
  <datafield tag="245" ind1="1" ind2="4">
    <subfield code="a">Preocupaciones existenciales y malestares socioemocionales :</subfield>
    <subfield code="b">comprendiendo los desaf&#xED;os de la pospandemia</subfield>
    <subfield code="h">[recurso electr&#xF3;nico en l&#xED;nea]</subfield>
  </datafield>
  <datafield tag="506" ind1="0" ind2=" ">
    <subfield code="a">Acceso abierto</subfield>
  </datafield>
  <datafield tag="520" ind1="3" ind2=" ">
    <subfield code="a">La situaci&#xF3;n pospand&#xE9;mica ha profundizado en los problemas de salud mental y bienestar emocional en la sociedad espa&#xF1;ola. Este art&#xED;culo analiza la encuesta 3298 del Centro de Investigaciones Sociol&#xF3;gicas (CIS) para comprender la incidencia de estas problem&#xE1;ticas, partiendo de una distinci&#xF3;n conceptual entre sentimientos existenciales y malestares socioemocionales. Se fundamenta dicha distinci&#xF3;n mediante la revisi&#xF3;n bibliogr&#xE1;fica de investigaciones sobre preocupaciones existenciales en los &#xFA;ltimos cinco a&#xF1;os, contribuyendo a una s&#xED;ntesis de diferentes aportaciones europeas. Se establece un modelo de ecuaciones estructurales que indaga en la estructura de relaciones entre las dos dimensiones y su relaci&#xF3;n con factores sociodemogr&#xE1;ficos. Los resultados indican que j&#xF3;venes, mujeres y personas con menor nivel formativo sufren un mayor impacto en problemas existenciales, as&#xED; como la forma en que estos inciden en la manifestaci&#xF3;n de malestares socioemocionales. </subfield>
    <subfield code="c">REIS</subfield>
  </datafield>
  <datafield tag="653" ind1=" " ind2=" ">
    <subfield code="a">Bienestar subjetivo</subfield>
  </datafield>
  <datafield tag="653" ind1=" " ind2=" ">
    <subfield code="a">Preocupaciones existenciales</subfield>
  </datafield>
  <datafield tag="653" ind1=" " ind2=" ">
    <subfield code="a">Problemas emocionales</subfield>
  </datafield>
  <datafield tag="653" ind1=" " ind2=" ">
    <subfield code="a">Modelo de ecuaciones estructurales</subfield>
  </datafield>
  <datafield tag="653" ind1=" " ind2=" ">
    <subfield code="a">Pospandemia</subfield>
  </datafield>
  <datafield tag="773" ind1=" " ind2=" ">
    <subfield code="g">No. 192 (2025), p. 105-124</subfield>
    <subfield code="t">REIS: revista espa&#xF1;ola de investigaciones sociol&#xF3;gicas</subfield>
    <subfield code="x">1988-5903</subfield>
  </datafield>
  <datafield tag="856" ind1="4" ind2=" ">
    <subfield code="u">https://reis.cis.es/index.php/reis/article/view/2354</subfield>
  </datafield>
  <datafield tag="856" ind1="4" ind2=" ">
    <subfield code="u">https://reis.cis.es/index.php/reis/article/view/2354/2991</subfield>
  </datafield>
  <datafield tag="902" ind1=" " ind2=" ">
    <subfield code="a">Leonor Sotres/300626</subfield>
  </datafield>
  <datafield tag="942" ind1=" " ind2=" ">
    <subfield code="c">ART-E</subfield>
  </datafield>
  <datafield tag="952" ind1=" " ind2=" ">
    <subfield code="0">0</subfield>
    <subfield code="1">0</subfield>
    <subfield code="4">0</subfield>
    <subfield code="7">0</subfield>
    <subfield code="8">CAA</subfield>
    <subfield code="a">BCUPN50</subfield>
    <subfield code="b">BCUPN50</subfield>
    <subfield code="c">ENL</subfield>
    <subfield code="d">2026-06-30</subfield>
    <subfield code="l">0</subfield>
    <subfield code="r">2026-06-30 14:27:10</subfield>
    <subfield code="u">https://reis.cis.es/index.php/reis/article/view/2354/2991</subfield>
    <subfield code="w">2026-06-30</subfield>
    <subfield code="y">ART-E</subfield>
  </datafield>
  <datafield tag="999" ind1=" " ind2=" ">
    <subfield code="c">215476</subfield>
    <subfield code="d">215476</subfield>
  </datafield>
</record>
